000 00556nam a2200193Ia 4500
999 _c3094
_d3094
003 OSt
005 20250704102542.0
008 190216s9999||||xx |||||||||||||| ||und||
020 _a8122407129
040 _coclc
082 _a541.38
_bARN/E
100 1 _aArnikar, Hari Jeevan
_94237
245 0 _aEssentials Of Nuclear Chemistry /
_cH J Arnikar
250 _a4th Ed.
260 _bNew Age International Publishers,
_c1981.
_aNew Delhi:
300 _a498p
650 _aChemistry
942 _cBK
_2ddc
_h541.38
_iARN/E
_k541.38
_mARN/E